|
|
|
|
| LEADER |
01122nam a2200289 a 4500 |
| 001 |
1163310 |
| 008 |
111120r2008 maua b 001 0 eng d |
| 010 |
|
|
|a 96030975
|
| 020 |
|
|
|a 9780817647605
|
| 020 |
|
|
|a 9780817647612
|
| 020 |
|
|
|a 0817638474 (acid-free paper)
|
| 020 |
|
|
|a 3764338474 (acid-free paper)
|
| 040 |
|
|
|a DLC
|c DLC
|d DLC
|d BD-DhAAL
|
| 082 |
0 |
0 |
|a 005.1
|2 20
|
| 100 |
1 |
|
|a Shen, A.
|q (Alexander),
|d 1958-
|
| 245 |
1 |
0 |
|a Algorithms and programming :
|b problems and solutions /
|c Alexander Shen.
|
| 260 |
|
|
|a Boston :
|b Birkhäuser,
|c 2008.[Reprinted]
|
| 300 |
|
|
|a viii, 217 p. :
|b ill. ;
|c 24 cm.
|
| 490 |
1 |
|
|a Modern Birkhauser Classics
|
| 500 |
|
|
|a Reprint of the 1997 edition
|
| 504 |
|
|
|a Includes bibliographical references (p. [212]) and index.
|
| 541 |
1 |
|
|e 00023821
|
| 650 |
|
0 |
|a Computer algorithms.
|
| 650 |
|
0 |
|a Computer programming.
|
| 852 |
1 |
|
|a Ayesha Abed Library
|j General shelf
|
| 999 |
|
|
|c 11438
|d 11438
|
| 952 |
|
|
|0 0
|1 0
|4 0
|6 005_100000000000000_SHE
|7 0
|9 18594
|a BRACUL
|b BRACUL
|c GEN
|d 2011-11-20
|e Karim International
|g 3675.00
|l 17
|m 247
|o 005.1 SHE
|p 3010023821
|r 2026-02-02
|s 2025-07-13
|t 1
|w 2011-11-21
|y BK
|